| 000 | 01360nam a22003977a 4500 | ||
|---|---|---|---|
| 003 | CHAP | ||
| 005 | 20220329143416.0 | ||
| 008 | 090514s2004 mx a r 00010 spa d | ||
| 010 | _a96166 | ||
| 011 | _a97138 | ||
| 020 | _a9706863672 | ||
| 035 | _a107800 | ||
| 040 | _cCHAP | ||
| 082 | 0 | 4 |
_a658.3145 _bH36y 2004 |
| 100 | 1 |
_aHellriegel, Don _953462 |
|
| 245 | 1 | 0 |
_aComportamiento organizacional _c/por Don Hellriegel y John W. Slocum |
| 250 | _a10 ed. | ||
| 260 |
_aMéxico : _bThomson, _cc2004 |
||
| 300 |
_axxvi, 496 p. : _bilus. |
||
| 534 |
_pTít. original : _tOrganizational behavior, _c2004. _b10 ed. |
||
| 590 |
_aBATCH-UPD _b10 _c20130110 _lUCH01 _h0744 |
||
| 590 |
_aBATCH-UPD _b10 _c20130410 _lUCH01 _h0425 |
||
| 590 |
_aBATCH-UPD _b10 _c20130913 _lUCH01 _h1936 |
||
| 590 |
_aCONVERSION _b10 _c20130109 _lUCH01 _h1353 |
||
| 650 | 1 | 4 |
_aAdministración. _9918 |
| 650 | 1 | 4 |
_aConducta (Psicología) _926343 |
| 650 | 1 | 4 |
_aÉtica. _982776 |
| 650 | 1 | 4 |
_aOrganización. _983533 |
| 650 | 1 | 4 |
_aPersonal _xAdministración de. _987325 |
| 650 | 1 | 4 |
_aRecursos humanos. _995137 |
| 700 | 1 |
_aSlocum, John W. _9106882 |
|
| 901 | _aBK | ||
| 942 | _cLIBRO | ||
| 949 |
_a658.3145 H36y 2004 _bBC _cLIBRO _d33724002094975 _eLIBRO _fc.2 _gI.c/e _h110473 _i107800 _sb _t$325.00 |
||
| 949 |
_a658.3145 H36y 2004 _bBC _cLIBRO _d33724002095017 _eLIBRO _gI.c/e _h110472 _i107800 _sb _t$325.00 |
||
| 999 |
_c96166 _d96166 |
||